| 000 | 00667nam a2200241Ia 4500 | ||
|---|---|---|---|
| 005 | 20260429112009.0 | ||
| 008 | 260429s9999||||xx |||||||||||||| ||und|| | ||
| 020 | _a9781032667447 | ||
| 041 | _aEnglish | ||
| 082 |
_a332.17 _bMAL |
||
| 100 | _aMaleh, Yassine | ||
| 245 | 0 |
_aAdvances in emerging financial technology and digital money / _cYassine Maleh |
|
| 250 | _a1st ed. | ||
| 260 |
_aBoca Raton : _bCRC Press, _c2024. |
||
| 300 | _axv, 392 p.; hb | ||
| 650 | _a Banking technology | ||
| 650 | _a Digital currency | ||
| 650 | _a FinTech | ||
| 650 | _aFinancial technology | ||
| 700 | _a Hansali, Abderrahim | ||
| 700 | _a Zhang, Justin | ||
| 942 | _cTB | ||
| 999 |
_c51808 _d51808 |
||